000 01077nam a22004097a 4500
001 0051336
003 KOHA_MİRAKIL
005 20260207003802.0
007 ta
008 150629b2013 tu |||gr||||#||||0|tur |
020 _a9786051336275
040 _aTR-BiSEU
_btur
_cTR-BiSEU
_erda
041 0 _atur
044 _ctu
050 _aBP135
_b.S29 2013
100 0 _aTalat Sakallı.
245 1 _aAyni Ve Hadis Yorum / Şerh Yöntemi/
_cTalat Sakallı.
264 1 _aAnkara :
_bNobel
_c2013
300 _aXIV, 318 sayfa ;
_c24 cm.
336 _ametin
_btxt
_2rdacontent
337 _aaracısız
_bn
_2rdamedia
338 _acilt
_bnc
_2rdacarrier
490 1 _aYayın Nu.
490 1 _a ;
_v726.
490 1 _aBeşeri Bilim Nu.
490 1 _a ;
_v57.
500 _aKaynakça var.
500 _aDizin var.
650 0 _aAyni.
_995413
650 0 _aHadis.
_927666
650 0 _aŞerh Yönetimi.
_995414
830 1 _aYayın Nu.
_96553
830 1 _a ;
_v726.
_91620
830 1 _aBeşeri Bilim Nu.
_995415
830 1 _a ;
_v57.
_91620
942 _2lcc
_cBK
999 _c51160
_d51160